[Event "IECC Team FBIM email"]
[Site "UECC email"]
[Date "2000.??.??"]
[Round "10.18"]
[White "Rosner, Dirk"]
[Black "Gomez, Amparo"]
[Result "1-0"]
[WhiteElo "2219"]
[BlackElo "1400"]
[PlyCount "25"]
[EventDate "2000.03.??"]
[EventType "team (corr)"]
[EventRounds "10"]
[SourceTitle "Corr 2002"]
[Source "ChessBase"]
[SourceDate "2002.05.23"]
[SourceVersion "1"]
[SourceVersionDate "2002.05.23"]
[SourceQuality "1"]

1. b4 e5 2. Bb2 Bxb4 3. f4 exf4 4. Bxg7 Qh4+ 5. g3 fxg3 6. Bg2 gxh2+ 7. Kf1 hxg1Q+ 8. Kxg1 Qg5 9. Bxh8 h5 10. Nc3 d6 11. Rb1 Bxc3 12. Bxc3 h4 13. Kf1 1-0